[Rendszerváltás és pénzügypolitika. Tények és tévhitek a neoliberális piacgazdasági átmenetről és a 2010 óta alkalmazott nem konvencionális eszközökről]
Recenzia na monografiu maďarského autora Cs. Lentnera. Monografia sa venuje zmene režimu a finančnej politike v Maďarsku.
Salvato in:
| Autore principale: | |
|---|---|
| Natura: | Capitolo di libro |
| Lingua: | ungherese |
| Soggetti: | |
| Tags: |
Nessun Tag, puoi essere il primo ad aggiungerne!!
|
MARC
| LEADER | 00000naa a2200000 4500 | ||
|---|---|---|---|
| 001 | 0236668 | ||
| 005 | 20240502073827.8 | ||
| 041 | 0 | |a hun | |
| 044 | |a SK | ||
| 245 | 1 | 0 | |a [Rendszerváltás és pénzügypolitika. Tények és tévhitek a neoliberális piacgazdasági átmenetről és a 2010 óta alkalmazott nem konvencionális eszközökről] |c Ladislav Nagy |
| 520 | |a Recenzia na monografiu maďarského autora Cs. Lentnera. Monografia sa venuje zmene režimu a finančnej politike v Maďarsku. | ||
| 610 | 2 | 0 | |a recenzie |
| 610 | 2 | 0 | |a knihy |
| 610 | 2 | 0 | |a politika hospodárska |
| 610 | 2 | 0 | |a politika finančná |
| 610 | 2 | 0 | |a hospodárstvo trhové |
| 610 | 2 | 0 | |a neoliberalizmus |
| 610 | 2 | 0 | |a Maďarsko |
| 100 | 1 | |a Nagy, Ladislav | |